000 00660nam a2200229Ia 4500
005 20250508165509.0
008 008 250505s9999 xx 000 0 eng d
020 _a978-0-415-47445-0
037 _aReference
040 _aFEDL
_beng
_cFEDL
041 _aeng
_2eng
084 _a306, HAL/RR
_qFEDL
100 _aHall John R Ed.
_9600602
245 0 _aHandbook of cultural sociology
260 _aLondon, UK
_bRoutledge
_c2012
300 _axxiii, 696p.
365 _aGBP
_b50
546 _aSpecial edition, 2015
700 _a Grindstaff Laura Ed. Lo Ming-Cheng Ed.
_9781016
942 _cREF
_h306, HAL/RR
999 _c1395459
_d1395459